| 000 | 00690nas a2200241 i 4500 | ||
|---|---|---|---|
| 001 | 1977 | ||
| 003 | ES-MaACL | ||
| 005 | 20250812074044.0 | ||
| 007 | t| | ||
| 008 | 950801c1982 be b| | 1 ||pa d | ||
| 022 | _a0255-3856 | ||
| 080 | _a341.232.1 | ||
| 245 | 0 | 0 |
_aRevista de la OTAN / _credactor jefe Peter Jenner. |
| 250 | _aEd. española. | ||
| 260 |
_aBruselas : _bServicio de Información de la OTAN, _c1982- ( _eMóstoles, Madrid : _fGrefol) |
||
| 300 |
_a2 v. ; _c29 cm. |
||
| 310 | _aBimestral | ||
| 362 | 0 | _aN. 1 (1982)- | |
| 650 | 7 |
_aArte y ciencia militar _2embne _9135619 |
|
| 852 |
_aES-MaACL _jHEM-H-480 |
||
| 866 | 0 | _o(1982f.n.1)1983-90. | |
| 999 |
_c1977 _d1977 |
||